书目信息 |
| 题名: |
班主任的教育智慧和管理风格
|
|
| 作者: | 王宝珊 主编 | |
| 分册: | ||
| 出版信息: | 北京 中央民族大学出版社 2012.5 |
|
| 页数: | 243页 | |
| 开本: | 23cm | |
| 丛书名: | ||
| 单 册: | ||
| 中图分类: | G521-53 | |
| 科图分类: | ||
| 主题词: | 班主任--教育--管理--文集 | |
| 电子资源: | ||
| ISBN: | 978-7-81108-410-8 | |
| 000 | 00672nam0 2200217 45 | |
| 001 | 1356803765 | |
| 005 | 20130515094045.29 | |
| 010 | @a978-7-81108-410-8@dCNY25.00 | |
| 100 | @a20130108d2012 ekmy0chiy0120 ea | |
| 101 | 0 | @achi |
| 102 | @aCN@b110000 | |
| 105 | @ay z 000yy | |
| 106 | @ar | |
| 200 | 1 | @a班主任的教育智慧和管理风格@ABan Zhu Ren De Jiao Yu Zhi Hui He Guan Li Feng Ge@f王宝珊主编@FWang Bao Shan Zhu Bian |
| 210 | @a北京@c中央民族大学出版社@d2012.5 | |
| 215 | @a243页@d23cm | |
| 606 | 0 | @a班主任@x教育@x管理@j文集 |
| 690 | @aG521-53@v5 | |
| 701 | 0 | @a王宝珊@AWang Bao Shan@4主编 |
| 801 | @aCN@bTANGWEI@c20130108 | |
| 905 | @b0829646-50@dG521-53@e152@f5 | |
| 班主任的教育智慧和管理风格/王宝珊主编.-北京:中央民族大学出版社,2012.5 |
| 243页;23cm |
| ISBN 978-7-81108-410-8:CNY25.00 |
| ● |
| 相关链接 |
|
|
|
|
正题名:班主任的教育智慧和管理风格
索取号:G521-53/152
 
预约/预借
| 序号 | 登录号 | 条形码 | 馆藏地/架位号 | 状态 | 备注 |
| 1 | 0829646 | 208296468 | 第一样本阅览室/ [索取号:G521-53/152] | 在馆 | |
| 2 | 0829647 | 208296477 | 第四借阅区/ [索取号:G521-53/152] | 在馆 | |
| 3 | 0829648 | 208296486 | 第四借阅区/ [索取号:G521-53/152] | 在馆 | |
| 4 | 0829649 | 208296495 | 教育系资料室/ [索取号:G521-53/152] | 在馆 | |
| 5 | 0829650 | 208296501 | 教育系资料室/ [索取号:G521-53/152] | 在馆 |